Crainte et tremblement / (Record no. 86588)

MARC details
000 -LEADER
campo de control de longitud fija 00901nam a2200241 i 4500
001 - NÚMERO DE CONTROL
campo de control 86588
003 - IDENTIFICADOR DE NÚMERO DE CONTROL
campo de control ES-MaACL
005 - FECHA Y HORA DE LA ÚLTIMA TRANSACCIÓN
campo de control 20250728110240.0
007 - CAMPO FIJO DE DESCRIPCIÓN FÍSICA--INFORMACIÓN GENERAL
campo de control de longitud fija t|
008 - DATOS DE LONGITUD FIJA--INFORMACIÓN GENERAL
campo de control de longitud fija 041214s1935 fr ||||1| fre d
100 1# - ENTRADA PRINCIPAL--NOMBRE DE PERSONA
Nombre de persona Kierkegaard, Søren (
Fechas asociadas al nombre 1813-1855)
9 (RLIN) 68014
245 10 - MENCIÓN DEL TÍTULO
Título Crainte et tremblement /
Mención de responsabilidad, etc. Soren Kierkegaard ; Lyrique-dialectique / par Johannes de Silentio ; traduit du danois par P.-H. Tisseau ; introduction de Jean Wahl.
260 ## - PUBLICACIÓN, DISTRIBUCIÓN, ETC.
Lugar de publicación, distribución, etc. Paris :
Nombre del editor, distribuidor, etc. Fernand Aubier,
Fecha de publicación, distribución, etc. 1935 (
Lugar de fabricación/manufactura Saint Amand :
Fabricante R. Bussiére)
300 ## - DESCRIPCIÓN FÍSICA
Extensión XXVI, 217 p. ;
Dimensiones 19 cm.
490 1# - MENCIÓN DE SERIE
Mención de serie Philosophie de l'Esprit
650 07 - PUNTO DE ACCESO ADICIONAL DE MATERIA--TÉRMINO DE MATERIA
Término de materia o nombre geográfico como elemento de entrada Religión y filosofía
Fuente del encabezamiento o término embne
9 (RLIN) 16811
700 1# - ENTRADA AGREGADA--NOMBRE PERSONAL
Nombre de persona Silentio, Johannes de.
9 (RLIN) 106337
700 1# - ENTRADA AGREGADA--NOMBRE PERSONAL
Nombre de persona Tisseau, P.-H.
9 (RLIN) 110335
740 0# - ENTRADA AGREGADA--TÍTULO RELACIONADO/ANALÍTICO NO CONTROLADO
Título relacionado o analítico no controlado Lyrique-dialectique.
830 0# - PUNTO DE ACCESO ADICIONAL DE SERIE-TÍTULO UNIFORME
Título uniforme Philosophie de l'Esprit
9 (RLIN) 184416
852 ## - LOCALIZACIÓN
Ubicación ES-MaACL
Número de control de estantería F-7482
Sublocalización o colección R.1881+6
Holdings
Estatus retirado Estado de pérdida Estado de daño No para préstamo Biblioteca de origen Biblioteca actual Ubicación en estantería Fecha de adquisición Fuente de adquisición Total de préstamos Signatura topográfica completa Código de barras Visto por última vez Precio de reemplazo Tipo de ítem Koha
        Biblioteca del Ateneo de Madrid Biblioteca del Ateneo de Madrid Depósito 2 17/01/2008     F-7482 1090464 23/02/2023 23/02/2023 Libro impreso